00371pab a2200133 454500008004000000100001900040245006300059260000900122300001100131362001000142650004200152650002800194773001500222180718b2007 xxu||||| |||| 00| 0 eng d aDang, Satyapal aShould Buddhadeb remain the Chief Minister of West Bengal? c2007 ap.3-4. a6 Apr aWest Bengal - Politics and government aPolitics and government aMainstream